000 00901nam a2200241 a 4500
001 000017743
005 20240305132039.0
008 100331s2004 dr d 000 0 spa d
020 _a9993487074
040 _aDO-SdBNP
_bspa
_cBNPHU
082 _axxxx
_bH344d
100 1 _aHasbún José, Douglas
_938601
245 1 0 _aDesafíos del gasto social y la política de empleo /
_cDouglas Hasbún José [et...al.]. ; presentación Thomas Manz, Ramonina Brea.
260 _aSanto Domingo :
_bFundacin Friedrich Ebert
_bPontificia Universidad Católica Madre y Maestra,
_c2004.
300 _a137 p. :
_bdiagr. ;
_c22 cm.
504 _aIncluye referencias bibliográficas y notas al pie de las páginas
700 1 _aReyes, Rolando
_97005
700 1 _aLizardo, Magdalena
_938602
700 1 _aRathe, Magdalena
_936842
700 1 _aManz, Thomas
_938603
700 1 _aBrea, Ramonina
_98319
049 _aBNPD
999 _c17268
_d17268